000 00276nam a2200121Ia 4500
005 20260421150922.0
008 260421s9999||||xx |||||||||||||| ||und||
100 _aHarper
245 0 _aReview of Physiology chemistry
250 _a17th
260 _bLange med. Pub.
942 _cBBK
999 _c394
_d394